000 01588cam a2200301 4500
001 L129067
008 050315n2005 000 0 eng u
020 _a0853089523
035 _a(Sirsi) u129067
041 _aeng
050 _a306.026
_c18
100 _aCarr, Helen
245 4 _aThe Housing Act 2004
_ba practical guide
260 _aBristol
_bJordans
_c2005
300 _axxxii, 554p.
_c25cm.
350 _a35
490 _aJordans New Law Series
520 _aProvides an accessible analysis of the Housing Act 2004 and its implications for practice. The Act makes significant changes to the regulation of residential property in both the private and public sector and will bring about fundamental change in the conveyancing process. Covers housing conditions, licensing of houses in multiple occupation, selective licensing, additional control provisions in relation to residential accommodation, home information packs, right to buy and other changes to social housing, mobile homes, gypsies and travellers, tenancy deposits and miscellaneous provisions such as residential property tribunals. Reproduces the full text of the Act and selected extracts from the "Housing health and safety rating system guidance (version 2)".
590 _aIKA290405
650 _aHOUSING ACT 2004
650 _aHOME INFORMATION PACKS
650 _aHOUSING HEALTH AND SAFETY RATING SYSTEM
690 _aPROPERTY-RESIDENTIAL PROPERTY-DOMESTIC RESIDENTIAL PROPERTY-HOUSING
700 _aCottle, Stephen
700 _aBaldwin, Timothy
700 _aKing, Michael
942 _n0
999 _c104096
_d104096